Score 0/16 Timer 03:00
0 Plays Today
Scrambled Word Pair Word Pair % Correct
ISFH and IHPCSFish and Chips
99.7%
SGEG and CABNOEggs and Bacon
91.4%
EIC AECMR and KAECIce Cream and Cake
91%
ERCI and ANBSERice and Beans
89.7%
EEHSCE and ERCKRCASCheese and Crackers
88.5%
RBDEA and ETRUTBBread and Butter
80%
SEPA and ATROSRCPeas and Carrots
78.4%
NBAES on SOATTBeans on Toast
76.7%
Scrambled Word Pair Word Pair % Correct
KEAPACNS and YPRSUPancakes and Syrup
71.7%
TBL with DAAOVOCBLT with Avocado
70.1%
EPATHGTSI and ALSATEBMLSpaghetti and Meatballs
69.9%
VRLEI and INNOSOLiver and Onions
64.7%
LAEECR and LIKMCereal and Milk
61.9%
EUBBLB and KAUSEQBubble and Squeak
43.3%
GSEANRB and SHAMBangers and Mash
39.7%
AIPHNSC and CAKTEIHROSpinach and Artichoke
20.2%
Remove Ads.
Support Sporcle.
Get the best of Sporcle when you Go Orange. This ad-free experience offers more features, more stats, and more fun while also helping to support Sporcle. Thank you for becoming a member.

You're not logged in!

Compare scores with friends on all Sporcle quizzes.
OR
Log In

Show Comments

Extras

Top Quizzes Today


Score Distribution

Your Account Isn't Verified!

In order to create a playlist on Sporcle, you need to verify the email address you used during registration. Go to your Sporcle Settings to finish the process.

Report this User

Report this user for behavior that violates our Community Guidelines.

Details: